000 00307nam a22001217a 4500
008 170720b xxu||||| |||| 00| 0 eng d
041 _aeng
080 _a004
100 _a28
101 _aSHKI
245 _aIEEE INTERNATIONAL CONFERENCE ON COMPUTER DESIGN: VLSI IN COMPUTER
_cCARTER H.W
942 _2udc
_cBK
999 _c21676
_d21676